000 00833cai a22001815a 4500
001 E150448
008 100715u xxk g 000 0 eng d
035 _a(Sirsi) u150448
041 0 _aeng
110 2 _aUnited Kingdom
_bHM Government
_95056
245 0 0 _aBuilding Regulations
_bapproved documents
_h[electronic resource]
520 _aWeb page provides links to the most recent (at July 2010) versions of the Building Regulations Approved Documents. Provides links to current versions of Parts A-P, and Regulation 7, as well as links to previous versions and associated documents.
590 _aKA NTK
651 4 _aEngland and Wales
_y1543-
690 _aBuilding regulations
_96224
856 4 0 _uhttps://www.planningportal.gov.uk/buildingregulations/approveddocuments/
_zView the website at www.planningportal.gov.uk
942 _n0
999 _c120872
_d120872